01589 2200265 4500001002100000005001500021035002000036008004100056020001500097041000800112082001100120084001700131100001500148245007500163250001000238260002900248300002900277504001400306520088500320650001801205990002501223990002501248990002501273990002501298INLIS00000000000522720221107011109 a0010-0520005227221107 | | ind  a9794143510 aind a346.07 a346.07 TAN h0 aTan Kamelo1 aHukum Jaminan Fidusia :bSuatu Kebutuhan yang Didambakan /cTan Kamelo aCet.2 aBandung :bAlumni,c2006 axii,360p.;22 cm ;c22 cm ap.361-381 aDalam perkembangannya jaminan fidusia telah mengalami penjalaran dan perubahan baik mengenai istilah, makna, maupun objeknya. Dasar penyebab penjalaran dan perubahan adalah pengaruh dari tuntutan dinamika masyarakat dan hukum itu sendiri. Ada dua dimensi yang tercakup dalam dasar penyebab itu yakni dimensi realitas dan idealis hukum. Buku ini bertujuan memecahkan persoalan yuridis yakni memberikan kejelasan tentang benda-benda yang dapat dijadikan objek jaminan fidusia dan mencari penyebab pergeseran objek tersebut. Dengan membaca buku ini, setidaknya disadari arti pentingnya melakukan pilihan yang tepat dalam strategi politik hukum jaminan. Prinsif pendaftaran bagi jaminan fidusia merupakan perkembangan yang sudah menjadi sifat bawaan dari hukum jaminan kebendaan, dengan tujuan menciptakan kepastian hukum dan dapat memberikan perlindungan hukum bagi pihak masyarakat. 4aHukum Fidusia a08214/MKRI-P/XI-2008 a08215/MKRI-P/XI-2008 a08215/MKRI-P/XI-2008 a08214/MKRI-P/XI-2008